000 00248nam a2200109Ia 4500
005 20251222154326.0
008 251222s9999||||xx |||||||||||||| ||spa||
082 _a848.8/F78
100 _a"Foucauld, Carlos de"
245 0 _aDirectorio
942 _cLIB
999 _c33975
_d33975